[Event "Berkshire Berks & Bucks op-C"]
[Site "Berkshire"]
[Date "2023.08.27"]
[Round "3"]
[White "Humphry, Phil S"]
[Black "Horwood, Alexander"]
[Result "1/2-1/2"]
[WhiteElo "1318"]
[BlackElo "1204"]
[PlyCount "102"]
[EventDate "2023.08.26"]
[EventType "swiss"]
[EventRounds "6"]
[EventCountry "ENG"]
[SourceTitle "EXT 2024"]
[Source "ChessBase"]
[SourceDate "2023.10.10"]
[SourceVersion "1"]
[SourceVersionDate "2023.10.10"]
[SourceQuality "1"]

1. e4 c5 2. Nf3 d6 3. Bb5+ Nd7 4. c3 Ngf6 5. d3 a6 6. Qa4 Qb6 7. c4 e6 8. e5 dxe5 9. Nxe5 Qa7 10. Bxd7+ Bxd7 11. Nxd7 Nxd7 12. Be3 Be7 13. Nc3 Rd8 14. 0-0 0-0 15. b4 Qb8 16. bxc5 Nxc5 17. Bxc5 Bxc5 18. Ne4 Be7 19. Qb3 b5 20. cxb5 Qxb5 21. Qxb5 axb5 22. Rfd1 b4 23. Rab1 Rd4 24. f3 Rfd8 25. Rb3 f5 26. Nf2 Ra8 27. Rb2 Ra3 28. Kf1 g5 29. h3 Bf6 30. Rc2 Rc3 31. Rdd2 Kf7 32. Rxc3 bxc3 33. Rc2 Rd8 34. Ke2 Bd4 35. Nd1 Rc8 36. a4 f4 37. a5 Rc5 38. a6 Re5+ 39. Kf1 Ra5 40. Nxc3 Rxa6 41. Ne4 Kg6 42. Rc1 h5 43. Rd1 Ra1 44. Rxa1 Bxa1 45. Ke2 Bd4 46. Nd6 e5 47. Ne4 Kf5 48. Nd6+ Kg6 49. Ne4 Bb2 50. Nd6 Bd4 51. Ne4 Bb2 1/2-1/2

[Event "Berkshire Berks & Bucks op-C"]
[Site "Berkshire"]
[Date "2023.08.27"]
[Round "4"]
[White "Sengupta, Sohana"]
[Black "Humphry, Phil S"]
[Result "1/2-1/2"]
[WhiteElo "1262"]
[BlackElo "1318"]
[PlyCount "141"]
[EventDate "2023.08.26"]
[EventType "swiss"]
[EventRounds "6"]
[EventCountry "ENG"]
[SourceTitle "EXT 2024"]
[Source "ChessBase"]
[SourceDate "2023.10.10"]
[SourceVersion "1"]
[SourceVersionDate "2023.10.10"]
[SourceQuality "1"]

1. e4 e5 2. Nf3 Nc6 3. d4 exd4 4. Nxd4 Qh4 5. Nc3 Bb4 6. Ndb5 Qxe4+ 7. Qe2 Qxe2+ 8. Bxe2 Ba5 9. 0-0 a6 10. Na3 Bxc3 11. bxc3 Nge7 12. Nc4 0-0 13. Bf3 d6 14. Ne3 Bd7 15. Rb1 b6 16. Ba3 Rab8 17. Rfe1 Rfe8 18. Rbd1 Be6 19. c4 Ne5 20. Be2 a5 21. Bb2 Rbd8 22. Rf1 N5c6 23. f4 Nf5 24. Nxf5 Bxf5 25. Bd3 Bg4 26. Rde1 Rxe1 27. Rxe1 Bd7 28. Re3 Re8 29. Rg3 g6 30. h4 Nb4 31. Kf1 f5 32. h5 Kf7 33. hxg6+ hxg6 34. Rh3 Ke7 35. Rh7+ Kd8 36. Bf6+ Kc8 37. Rg7 Nxa2 38. Rxg6 Nb4 39. Bb2 Rf8 40. Rg7 a4 41. Re7 Nc6 42. Re3 Kb7 43. c3 Na5 44. Ba3 Nb3 45. Re7 Kc6 46. Ke1 Nc5 47. Be2 Re8 48. Bf3+ Ne4 49. Rxe8 Bxe8 50. g4 Bg6 51. gxf5 Bxf5 52. Bb2 d5 53. cxd5+ Kxd5 54. Bd1 Nc5 55. Be2 Nd3+ 56. Bxd3 Bxd3 57. Kd2 Bb1 58. Kc1 Ba2 59. Kc2 Bb3+ 60. Kd3 c5 61. Ke3 b5 62. Kd3 b4 63. f5 a3 64. Ba1 c4+ 65. Kd2 bxc3+ 66. Kxc3 Ba4 67. f6 Be8 68. Kb4 a2 69. Ka3 c3 70. Bxc3 Bf7 71. Kxa2 1/2-1/2

[Event "Berkshire Berks & Bucks op-C"]
[Site "Berkshire"]
[Date "2023.08.26"]
[Round "2"]
[White "Ganesh, Shruthisriya"]
[Black "Humphry, Phil S"]
[Result "0-1"]
[WhiteElo "1468"]
[BlackElo "1318"]
[PlyCount "154"]
[EventDate "2023.08.26"]
[EventType "swiss"]
[EventRounds "6"]
[EventCountry "ENG"]
[SourceTitle "EXT 2024"]
[Source "ChessBase"]
[SourceDate "2023.10.10"]
[SourceVersion "1"]
[SourceVersionDate "2023.10.10"]
[SourceQuality "1"]

1. e4 e5 2. Nf3 Nc6 3. c3 Nf6 4. d4 exd4 5. e5 Nd5 6. cxd4 Bb4+ 7. Nbd2 d6 8. Bb5 Bxd2+ 9. Bxd2 0-0 10. 0-0 Bg4 11. Qb3 Bxf3 12. Qxf3 Nde7 13. Qg3 Nxd4 14. Bd3 dxe5 15. Qxe5 Qd6 16. Qh5 Ng6 17. Bc3 Ne6 18. Qf3 Nc5 19. Bc2 Ne5 20. Qg3 Ng6 21. f4 Rfe8 22. Rad1 Qe7 23. f5 Ne5 24. f6 Qf8 25. Bxe5 Ne6 26. Bb3 Qc5+ 27. Kh1 Rad8 28. Bxe6 g6 29. Rxd8 Rxd8 30. Bf5 Re8 31. Bxc7 Re3 32. Qg5 Qxf5 33. Qxf5 gxf5 34. Rd1 h6 35. Bf4 Re2 36. Bxh6 Rxb2 37. Bg7 Kh7 38. h3 Rxa2 39. Rd8 b5 40. Rh8+ Kg6 41. Rh6+ Kg5 42. g3 b4 43. Rh4 b3 44. Rb4 b2 45. h4+ Kg6 46. g4 Ra1+ 47. Kg2 b1Q 48. h5+ Kh7 49. Rxb1 Rxb1 50. gxf5 Rb3 51. Bf8 a5 52. Bd6 a4 53. Be5 a3 54. Kf1 Rb1+ 55. Ke2 a2 56. Ke3 a1Q 57. Bxa1 Rxa1 58. Kf4 Kh6 59. Kg4 Ra4+ 60. Kf3 Kxh5 61. Ke3 Kg5 62. Kd3 Kxf5 63. Kc3 Ke5 64. Kb3 Rh4 65. Kc3 Kd5 66. Kd3 Rh3+ 67. Kc2 Kd4 68. Kb2 Kc4 69. Ka2 Kb4 70. Kb2 Rh2+ 71. Kc1 Kc3 72. Kd1 Kd3 73. Ke1 Ra2 74. Kf1 Ke3 75. Kg1 Kf3 76. Kh1 Kg3 77. Kg1 Ra1# 0-1

[Event "London Classic op U1600 8th"]
[Site "London"]
[Date "2016.12.11"]
[Round "5"]
[White "Humphry, Phil S"]
[Black "Moir, Donald"]
[Result "1-0"]
[WhiteElo "1435"]
[BlackElo "1211"]
[PlyCount "49"]
[EventDate "2016.12.09"]
[EventType "swiss"]
[EventRounds "5"]
[EventCountry "ENG"]
[SourceTitle "EXT 2019"]
[Source "ChessBase"]
[SourceDate "2018.10.10"]
[SourceVersion "1"]
[SourceVersionDate "2018.10.10"]
[SourceQuality "1"]

1. e4 e6 2. d4 d5 3. exd5 exd5 4. Nf3 Nc6 5. Bb5 Bd6 6. Bxc6+ bxc6 7. 0-0 Ne7 8. c3 0-0 9. h3 h6 10. b3 Ng6 11. Re1 Be6 12. Ba3 Qd7 13. Ne5 Nxe5 14. Bxd6 cxd6 15. dxe5 dxe5 16. Rxe5 f6 17. Re3 c5 18. Na3 d4 19. cxd4 cxd4 20. Rd3 Rfd8 21. Nc2 Qb7 22. Rxd4 Rxd4 23. Qxd4 Bd5 24. Ne3 Rd8 25. Rd1 1-0

[Event "London Classic op U1600 8th"]
[Site "London"]
[Date "2016.12.10"]
[Round "3"]
[White "Humphry, Phil S"]
[Black "Merriman, James"]
[Result "1/2-1/2"]
[WhiteElo "1435"]
[BlackElo "1575"]
[PlyCount "131"]
[EventDate "2016.12.09"]
[EventType "swiss"]
[EventRounds "5"]
[EventCountry "ENG"]
[SourceTitle "EXT 2019"]
[Source "ChessBase"]
[SourceDate "2018.10.10"]
[SourceVersion "1"]
[SourceVersionDate "2018.10.10"]
[SourceQuality "1"]

1. e4 e6 2. d4 d5 3. exd5 exd5 4. Nf3 Nf6 5. Bg5 Bf5 6. Bd3 Bxd3 7. Qxd3 Be7 8. Bxf6 Bxf6 9. 0-0 0-0 10. Nbd2 Nd7 11. Rfe1 c6 12. c3 Qb6 13. b3 Rfe8 14. Rxe8+ Rxe8 15. Re1 Rxe1+ 16. Nxe1 Qd8 17. Qe2 Qe7 18. Qxe7 Bxe7 19. Nef3 Kf8 20. Kf1 Bd6 21. h3 Ke7 22. Ke2 h6 23. Kd3 Nf6 24. g4 g6 25. c4 Kd7 26. Ne5+ Ke6 27. f4 g5 28. fxg5 hxg5 29. Ndf3 Ne4 30. cxd5+ cxd5 31. Ke3 f6 32. Nd3 Nc3 33. a4 Ne4 34. Nd2 Nxd2 35. Kxd2 Kd7 36. Kc3 a5 37. b4 b6 38. b5 Ke6 39. Nf2 f5 40. gxf5+ Kxf5 41. Kd3 Kf4 42. Ng4 Kg3 43. Nf6 Kxh3 44. Nxd5 g4 45. Ne3 g3 46. Ke4 g2 47. Nxg2 Kxg2 48. Kd5 Bc7 49. Kc6 Bd8 50. Kd7 Bf6 51. d5 Kf3 52. Kc6 Bd8 53. Kd7 Bf6 54. d6 Ke4 55. Kc7 Be5 56. Kxb6 Bxd6 57. Kxa5 Kd5 58. b6 Kc5 59. Ka6 Kb4 60. a5 Ka4 61. b7 Kb4 62. Kb6 Bc5+ 63. Ka6 Bd6 64. Ka7 Kxa5 65. b8Q Bxb8+ 66. Kxb8 1/2-1/2

[Event "London Classic op U1600 8th"]
[Site "London"]
[Date "2016.12.09"]
[Round "1"]
[White "Vaidya, Pranav"]
[Black "Humphry, Phil S"]
[Result "0-1"]
[WhiteElo "835"]
[BlackElo "1435"]
[PlyCount "74"]
[EventDate "2016.12.09"]
[EventType "swiss"]
[EventRounds "5"]
[EventCountry "ENG"]
[SourceTitle "EXT 2019"]
[Source "ChessBase"]
[SourceDate "2018.10.10"]
[SourceVersion "1"]
[SourceVersionDate "2018.10.10"]
[SourceQuality "1"]

1. Nf3 b6 2. d4 Bb7 3. Bf4 Bxf3 4. exf3 e6 5. Nc3 Nf6 6. Be2 Be7 7. 0-0 0-0 8. Re1 c6 9. Qd3 d5 10. Bg3 Bd6 11. f4 Nbd7 12. Qf3 Bb4 13. Bh4 Be7 14. f5 Ne8 15. Bd1 Bxh4 16. Ne2 Nd6 17. g3 Be7 18. c3 Nxf5 19. Bc2 g6 20. Nf4 Ng7 21. h4 Bd6 22. h5 Bxf4 23. hxg6 fxg6 24. gxf4 Qf6 25. Re3 Qxf4 26. Qe2 Rf6 27. Rd1 Raf8 28. Rdd3 Qxf2+ 29. Qxf2 Rxf2 30. Bd1 R2f4 31. b3 R8f6 32. c4 Nf5 33. Rf3 Rxd4 34. Rg3 Rxd3 35. Rxd3 d4 36. a4 c5 37. Bf3 Ne5 0-1